War economy, 1939-1942 / (Record no. 24549)
[ view plain ]
| 000 -LEADER | |
|---|---|
| fixed length control field | 00914nam a2200277 a 4500 |
| 001 - CONTROL NUMBER | |
| control field | 24549 |
| 003 - CONTROL NUMBER IDENTIFIER | |
| rucl marc code | BD-RjUL |
| 005 - DATE AND TIME OF LATEST TRANSACTION | |
| control field | 20211209001051.0 |
| 008 - FIXED-LENGTH DATA ELEMENTS--GENERAL INFORMATION | |
| fixed length control field | 140313t1955 at ab 001 0 eng d |
| 035 ## - SYSTEM CONTROL NUMBER | |
| System control number | (BD-RjUL)24616 |
| 040 ## - CATALOGING SOURCE | |
| Original cataloging agency | DLC |
| Language of cataloging | eng |
| Transcribing agency | DLC |
| Modifying agency | BD-RjUL |
| 041 ## - LANGUAGE CODE | |
| Language code of text/sound track or separate title | eng |
| 082 04 - DEWEY DECIMAL CLASSIFICATION NUMBER | |
| Classification number | 994.05 |
| Classification number | 940.5394 |
| Author mark and year | BUW 1955 |
| 100 1# - MAIN ENTRY--PERSONAL NAME | |
| Personal name | Butlin, S. J. |
| Fuller form of name | (Sydney James), |
| Dates associated with a name | -1977. |
| 9 (RLIN) | 75549 |
| 245 10 - TITLE STATEMENT | |
| Title | War economy, 1939-1942 / |
| Statement of responsibility, etc. | by S.J. Butlin |
| 260 ## - PUBLICATION, DISTRIBUTION, ETC. (IMPRINT) | |
| Place of publication, distribution, etc. | Canberra : |
| Name of publisher, distributor, etc. | Australian War Memorial, |
| Date of publication, distribution, etc. | 1955. |
| 300 ## - PHYSICAL DESCRIPTION | |
| Pagination | xvii, 516 p., [8] p. of plates : |
| Illustrations | ill. ; |
| Size | 24 cm. |
| 490 1# - SERIES STATEMENT | |
| Series statement | Australia in the war of 1939-1945. Series 4, Civil, |
| Volume/sequential designation | v. 3 |
| 504 ## - BIBLIOGRAPHY, ETC. NOTE | |
| Bibliography, etc | includes index. |
| 650 #0 - SUBJECT ADDED ENTRY--TOPICAL TERM | |
| Topical term or geographic name as entry element | World War, 1939-1945 |
| General subdivision | Economic aspects |
| Geographic subdivision | Australia |
| 9 (RLIN) | 75550 |
| 830 #0 - SERIES ADDED ENTRY--UNIFORM TITLE | |
| Volume number/sequential designation | v. 3 |
| Uniform title | Australia in the war of 1939-1945. |
| 942 ## - ADDED ENTRY ELEMENTS (KOHA) | |
| Source of classification or shelving scheme | Dewey Decimal Classification |
| Koha item type | Books |
| Lost status | Source of classification or shelving scheme | Damaged status | Not for loan | Collection code | Permanent Location | Current Location | Shelving location | Date acquired | Source of acquisition | Total Checkouts | Full call number | Date last seen | Copy number | Koha item type |
|---|---|---|---|---|---|---|---|---|---|---|---|---|---|---|
| Dewey Decimal Classification | Added to bundle | Non-fiction | Central Library, University of Rajshahi | Central Library, University of Rajshahi | 18/03/1959 | colmbo plan | 994.05 BUW 1955 | 13/03/2014 | C-1 | Books |